000 01262aam a2200325 a 4500
999 _c323545
_d323545
003 BLK
005 20240207111949.0
008 180719b bul||||| |||| 00| 0 bul d
020 _a9789544747848
040 _aBLK
041 _aBUL
_cBUL
080 _aПаметници на културата на историческите периоди. Археологическите паметници. Старини
_b904
_x(497.2)
_z904(497.2)
100 _aЛогинова, Елисавета Георгиева
_9290947
_eпърви автор
139 _aЛогинова, Елисавета Георгиева
_bЛ 76
245 _aЦаричина - съдбовен контакт
260 _bКибеа
_c2018
_aСофия
300 _a272 с.
_c20 см
_eПрил. със сн.
380 _a9
650 7 _9147512
_aАрхеологически паметници - Тракия
653 7 _9198556
_aтракийски светилища
653 7 _9198553
_aтраки
653 7 _9181345
_aархеологически паметници
852 _aЦб 292441
942 _cKNG
_2udc
_n0
_024
999 _d323545
999 _d323545
999 _d323545
999 _d323545
944 _k30576
_lЦветомила Тодорова